Doña Rosita la soltera o el lenguaje de las flores
שמור ב:
| מחבר ראשי: | |
|---|---|
| פורמט: | ספר |
| שפה: | ספרדית |
| יצא לאור: |
Buenos Aires
Losada
1952
|
| מהדורה: | 3a. ed |
| סדרה: | Biblioteca Contemporánea
|
| נושאים: | |
| תגים: |
הוספת תג
אין תגיות, היה/י הראשונ/ה לתייג את הרשומה!
|
MARC
| LEADER | 00000nam a2200000 a 4500 | ||
|---|---|---|---|
| 001 | UCR3306 | ||
| 003 | CL-VaPUC | ||
| 008 | 980124e19520000AG |||||||||||||||||spa|d | ||
| 082 | 0 | 4 | |a 862 |b GAR |2 21 |
| 100 | |a García Lorca, Federico |e autor |9 315690 | ||
| 245 | 1 | 0 | |a Doña Rosita la soltera o el lenguaje de las flores |
| 250 | |a 3a. ed | ||
| 300 | |a 127 p | ||
| 942 | |c BK | ||
| 945 | |d 19980124 00:00:00 |a aolguin | ||
| 260 | |a Buenos Aires |b Losada |c 1952 | ||
| 650 | 0 | |a Dramas españoles |9 267081 | |
| 650 | 0 | |a Literatura española |9 306261 | |
| 583 | |a last modification |c 19980124 00:00:00 |k Rodrigo Vera | ||
| 490 | 0 | |a Biblioteca Contemporánea | |
| 999 | |c 266394 |d 266392 | ||
| 952 | |0 0 |1 0 |2 ddc |4 0 |6 862_000000000000000_GAR_1952 |7 0 |8 P |9 297953 |a BIBEDU |b BIBEDU |c BIBEDU_PB |d 2019-11-20 |i 1938789 |o 862 GAR 1952 |p 1938789 |r 2024-01-25 |w 2019-11-20 |y BK_P |k LIT | ||